Educational Weekly

Bibliographische Detailangaben
Format: Elektronisch Zeitschrift
Sprache:English
Veröffentlicht: Sage Publications, Inc.
Schlagworte:
Online Zugang:Full text available on JSTOR[1883-07-07 - 1885-11-07]
Off-campus access
LEADER 00948cas a2200205 a 4500
001 AALejournalJSTOR000090
008 230228c9999 xx r poo 0 0eng d
022 |a 2475-3262 
040 |a BD-DhAAL  |c BD-DhAAL 
245 0 0 |h [electronic resource]  |a Educational Weekly 
260 |b Sage Publications, Inc. 
300 |a 1 online resource 
362 0 |a Vol. 1,  |a no. 1 
500 |a <strong>Off-Campus Access:</strong> Athens ID and Password Required 
500 |a <strong>On-Campus Access:</strong> No User ID or Password Required 
506 |a Electronic access restricted to authorized BRAC University faculty, staff and students 
538 |a Mode of access: Internet 
650 4 |a Education ; Social Sciences 
856 4 0 |z Full text available on JSTOR[1883-07-07 - 1885-11-07]  |u https://www.jstor.org/journal/educweekindi 
856 4 0 |z Off-campus access  |u https://go.openathens.net/redirector/bracu.ac.bd?url=https%3A%2F%2Fwww.jstor.org%2Fjournal%2Feducweekindi